00856nam a2200205 a 450000100100000000500170001000800410002704000250006808200150009310000390010824501180014726000830026530000280034849000460037670000400042283000490046204900090051195201130052099900170063300002869320240316073901.0110125s2003 dr 000 0 spa d aDO-SdBNPbspaaBNPHU axxxbG216m aGarcía Carrasco, Félix,91819110aMujer y Madre :bsobre mujer en el día de la madre /cFélix García Carrasco; editor Tomás Castro Burdiez. aSanto Domingo :bFundación para al Educación y el Arte (EDUCARTE ),c2003. a20 P. :bil., ;c21 cm.1 aCuadernos educativos y culturalesvno. 16 aCastro, Tomás,d1959-eed.92464100aCuadernos educativos y culturalesn16955675 aBNPD 0010718PDaPDbPDcCTd2011-04-11iLF1l0oxxx G216mp28693-10r2020-06-25w2020-06-25yLFPDZNo se presta c28185d28185